01071 2200277 4500001002100000005001500021035002000036007000300056008004100059020001800100082001200118084001800130100003000148245015200178250001400330300003800344500023800382600001400620264003700634336002100671337003000692338002300722990001600745990001600761990001600777INLIS00000000000000520260408020755 a0010-0426000004ta260408 g 0 ind  a9786029146509 a004.678 a004.678 SEN j0 aSenja NilasariePengarang1 aJago Membuat Website Gratis & Cepat :bSecara Otodidak /cSenja Nilasari ; Cover Designer, Tarompey ; Layout, Rizki Juniar ; Editor, Pupung & Latif aCetakan 1 a168 :bIlustrasi ;c15cmx23cmeCD amerujuk pada keahlian, panduan, atau buku panduan yang mengajarkan seseorang cara membangun situs web secara mandiri, baik menggunakan metode coding (HTML/CSS) maupun tanpa coding (Website Builder/CMS seperti WordPress atau Mobirise. 4aSitus Web aJakarta :bDunia Komputer,c2014 2rdacontentaTeks 2rdamediaaTanpa perantata 2rdacarrieraVolume aPP000004/19 aSP000506/19 aPP000733/19